Throughout the 80's, colleges hired more nonteaching staff than other employees (Record no. 78134)

MARC details
000 -CABECERA
campo de control de longitud fija 00584nam a2200205 a 4500
005 - FECHA Y HORA DE LA ÚLTIMA TRANSACCIÓN
campo de control 20210219153502.0
008 - ELEMENTOS DE LONGITUD FIJA--INFORMACIÓN GENERAL
campo de control de longitud fija 991125n 000 0 u
035 ## - NÚMERO DE CONTROL DEL SISTEMA
Número de control de sistema UPN01000102308
100 ## - ASIENTO PRINCIPAL--NOMBRE PERSONAL
Nombre de persona Grassmuck, Karen
222 ## - TÍTULO CLAVE
Título clave CHRONICLE OF HIGHER EDUCATION
245 ## - MENCIÓN DE TÍTULO
Título Throughout the 80's, colleges hired more nonteaching staff than other employees
300 ## - DESCRIPCIÓN FÍSICA
Extensión A22
362 ## - FECHAS DE PUBLICACIÓN Y/O DESIGNACIÓN SECUENCIAL
Fecha de publicación y/o designación secuencial 37, No. 48, 1991
505 ## - NOTA DE CONTENIDO CON FORMATO PREESTABLECIDO
Nota de contenido con formato Enero 1992
653 0# - TERMINO DE INDIZACION - NO CONTROLADO
Término no controlado ADMINISTRACION DE COLEGIOS
653 0# - TERMINO DE INDIZACION - NO CONTROLADO
Término no controlado ADMINISTRADORES
653 0# - TERMINO DE INDIZACION - NO CONTROLADO
Término no controlado MODELOS DE EMPLEO
904 ## - ELEMENTOS DE DATOS D LOCAL, LDD (RLIN)
a AC
b 040119
905 ## - TIPO DE MATERIAL
Tipo de material Articulo

No items available.